| 000 | 00511nam a2200181Ia 4500 | ||
|---|---|---|---|
| 999 |
_c1666 _d1666 |
||
| 003 | OSt | ||
| 005 | 20200924104125.0 | ||
| 008 | 190216s9999||||xx |||||||||||||| ||und|| | ||
| 020 | _a8171419801 | ||
| 040 | _coclc | ||
| 082 |
_a589.2 _bMIS/M |
||
| 100 |
_aMishra, Shubhrata R _94845 |
||
| 245 | 0 |
_aMorphology Of Fungi / _cShubhrata R Mishra |
|
| 260 |
_bDiscovery Publishing House, _aDelhi: _c2005. |
||
| 300 | _a201p | ||
| 650 | _aBotany | ||
| 942 |
_cBK _2ddc _h589.2 _iMIS/M _k589.2 _mMIS/M |
||